000 00854nas a2200265 4500
001 BR0800156
003 BR-BrBNA
005 20231205111423.0
007 ta
008 230509b bl.|||p| |||| 00| 00por d
040 _aBR-BrBNA
_bpor
_cBiblioteca Nacional de Agricultura
041 _a(Pt)
072 _aL40; H10
100 1 _aSanches, M.A.
245 1 _aDescrição da pulpa do "gorgulho dos eucaliptos", Gonipterus Scutellatus Gyllenhal, 1833 (Coleoptera, Curculionidae)
_bComunicação Científica
650 _aPUPA
650 _aGORGULHO
650 _aINSETO
650 _aANATOMIA ANIMAL
650 _aEUCALIPTO
650 _aPRAGA DE PLANTA
773 0 _tArquivos do Instituto Biológico (Brazil)
_xISSN 0020-3653
_g(Jul-Dec 1999), v. 66(2) p. 137-140
_wBR0800156
909 _a202311
_bLúcia
_c55
_dLúcia Elande
942 _2AGRIS
_n0
_cANA
999 _c192620
_d192620